000 00879nab a2200253 u 4500
001 21838
003 HDC
007 cr bn ---aaaaa
008 210310b2016mmddmy d||ne |||| 00| 0 may d
040 _aHDC
100 _aChe Wan Badrul Alias
_97791
245 0 _aNilai jumlah dagangan kasar #MYCYBERSALE 2015 RM118j
_c/ Che Wan Badrul Alias
260 _aMalaysia:
_bNew Straits Times Press (M) Bhd.,
_c2016
300 _a1 online resource (page B2)
336 _atext
_2rdacontent
337 _acomputer
_2rdamedia
338 _aonline resource
_2rdacarrier
650 _aElectronic commerce
_zMalaysia
_919180
710 _aBerita Harian
856 _zRequest full-text at [email protected]
942 _2lcc
942 _cNEWS
942 _kNWSC 002811
999 _c19154
_d19154